|
|
|
|
| LEADER |
00000nab a2200000 a 4500 |
| 001 |
vtls000328610 |
| 003 |
SK-MaSNL |
| 005 |
20260303223416.0 |
| 008 |
160215c1988 xo 0 slo |
| 015 |
|
|
|a SNBRB19rr/mm-uuuuu
|
| 035 |
|
|
|a CL0328732
|
| 040 |
|
|
|a SNKBUCL
|b slo
|c SNKBUCL
|e AACR2
|
| 041 |
0 |
|
|a slo
|
| 044 |
|
|
|a xo
|c SK
|
| 080 |
|
|
|a 82.09(048)
|2 1981
|
| 080 |
|
|
|a 82:301(048)
|2 1981
|
| 100 |
1 |
|
|a Boldišová, Emília,
|d 1954-2003
|4 aut
|9 103643
|
| 245 |
1 |
0 |
|a Kontinuita i perspektíva literatúry
|b Zamýšľame sa nad knihou kritika Vincenta Šabíka
|c E. Boldišová
|
| 600 |
1 |
7 |
|a Šabík, Vincent,
|d 1937-
|x literárna kritika
|y 20. stor., r. 80.
|x recenzie
|2 snkbucl
|9 57984
|
| 655 |
|
7 |
|a články z novín a časopisov
|2 snkbucl
|9 267496
|
| 655 |
|
7 |
|a články z odboru literárna veda a krásna literatúra
|2 snkbucl
|9 770045
|
| 773 |
0 |
|
|t Práca
|g Roč. 43, č. 200 (25. 8. 1988), s. 6
|
| 787 |
0 |
8 |
|i Rec.:
|a Šabík, Vincent, 1937-
|t Literatúra pre súčasníkov
|d Bratislava : Slovenský spisovateľ, 1988
|
| 850 |
|
|
|a Slovenská národná knižnica v Martine
|a MTA001
|
| 852 |
|
|
|a SNK
|b KIS3GCP
|
| 958 |
|
|
|a BX
|
| 958 |
|
|
|a RK
|
| 958 |
|
|
|a LX
|
| 992 |
|
|
|a RBX
|
| 999 |
|
|
|c 2247656
|d 2249586
|